000 00365nam a2200145Ia 4500
008 230917s9999||||xx |||||||||||||| ||und||
040 _e48027
_aMAIN
041 _aEnglish
082 _a843.09 B283T:R
100 _aThody, Philip
245 0 _aRoland barthes : a conservative estimate
260 _aLondon
_bMacmillan
_c1977
300 _ax, 180 p.
942 _cBK
999 _c185422
_d185422